Größte Russische Städte östlich des Uralgebirges - Statistiken

Allgemein
  • Dieses Quiz wurde 69 mal gespielt
  • Das Durchschnittsergebnis liegt bei 6 aus 13
Antwortstatistiken
Einwohnerzahl Stadt % Korrekt
1.110.836 Omsk
86%
600.000 Wladiwostok
86%
1.567.000 Nowosibirsk
71%
1.544.595 Jekaterinburg
64%
625.000 Irkutsk
62%
524.669 Tomsk
52%
269.601 Jakutsk
47%
1.130.132 Tscheljabinsk
41%
1.067.000 Krasnojarsk
40%
807.400 Tjumen
29%
95.982 Magadan
22%
175.000 Norilsk
17%
179.780 Petropawlowsk-Kamtschatski
7%
Keine übereinstimmenden Quizze gefunden
Verteilung der Resultate
Anzahl Personen mit jedem Resultat
Perzentil nach korrekt beantworteten Fragen
Ihre Resultats-Entwicklung
Sie haben dieses Quiz noch nicht gespielt